تعلیم و تربیت اور زندگی / (Record no. 171824)

MARC details
000 -LEADER
fixed length control field 00609nam a22001937a 4500
005 - DATE AND TIME OF LATEST TRANSACTION
control field 20200121143917.0
010 ## - LCCN (DPL NO)
LC control number B-29175
020 ## - INTERNATIONAL STANDARD BOOK NUMBER
Terms of availability 120.00
035 ## - SYSTEM CONTROL NUMBER
System control number B-29175
037 ## - SOURCE OF ACQUISITION
Source of stock number/acquisition BPPD/Pub.
082 ## - DEWEY DECIMAL CLASSIFICATION NUMBER
Classification number 370.19
100 ## - MAIN ENTRY--PERSONAL NAME
Personal name محمد اکرام خاں
245 ## - TITLE STATEMENT
Title تعلیم و تربیت اور زندگی /
Statement of responsibility, etc محمد اکرام خاں
246 ## - VARYING FORM OF TITLE
Title proper/short title Taleem-o-Tarbiyat Aur Zindagi (Urdu) /
Remainder of title by Mohammad Ikram Khan
260 ## - PUBLICATION, DISTRIBUTION, ETC. (IMPRINT)
Place of publication, distribution, etc New Delhi
Name of publisher, distributor, etc Maktaba Jamia
Date of publication, distribution, etc 1999 ء
270 ## - ADDRESS
City New Delhi
Address Jamia Nagar
Postal code 110025
300 ## - PHYSICAL DESCRIPTION
Extent 147p.
Dimensions 22cm(Hb)
942 ## - ADDED ENTRY ELEMENTS (KOHA)
Source of classification or shelving scheme Dewey Decimal Classification
Item type Urdu Bks
Classification part 370.19
Call number suffix م ح م
Holdings
Withdrawn status Lost status Not for loan Collection code Home library Current library Date acquired Source of acquisition Cost, normal purchase price Full call number Barcode Copy number Cost, replacement price Koha item type
      Non-fiction Central Library Central Library 21/01/2020 BPPD/Ven. 120.00 370.19 م ح م B-29175 1 120.00 Urdu Bks

© Delhi Public Library
Hit Counter
free hit counter